000 00556nam a22001577a 4500
003 OSt
005 20150913082256.0
008 150913b xxu||||| |||| 00| 0 eng d
040 _cRUA
082 _aAGR ទេព 1996 B016 Or.1
_b
100 _9355
_aទេព ផល្លា
245 _aRubber plantation on 200 hectares of newly-reclaimed-land ការដាំដុះដំណាំកៅស៊ូ លើផ្ទៃដីថ្មី ២០០ ហិចតា
260 _aPhnom Penh
_bRUA
_c1996
300 _a68p.
_bill.
_c29cm.
942 _2ddc
_cAGR
999 _c338
_d338